| 000 | 00965cam a22002891 4500 | ||
|---|---|---|---|
| 008 | 770701s1949 nju b 000 0 eng | ||
| 010 | _a 49008592 | ||
| 040 |
_aDLC _cOC _dOCoLC _dOrPS _dNSbSU _dDLC |
||
| 043 | _af-ua--- | ||
| 050 | 0 | 0 |
_aHC33 _b.J6 |
| 082 | _a330.962 | ||
| 092 | 0 | 4 |
_a330.962 _bJ661 _221 |
| 099 |
_a04 _a330.962 J661 |
||
| 100 | 1 |
_aJohnson, Allan Chester, _d1881-1955. |
|
| 245 | 1 | 0 |
_aByzantine Egypt: _beconomic studies/ _cby Allan Chester Johnson and Louis C. West. |
| 260 |
_aPrinceton: _bPrinceton Univ. Press, _c1949. |
||
| 300 |
_aviii, 344 p.; _c25 cm. |
||
| 440 | 0 |
_aPrinceton University studies in papyrology; _vno. 6 |
|
| 504 | _aBibliography: p. 333-335. | ||
| 651 | 0 |
_aEgypt _xEconomic conditions. |
|
| 700 | 1 |
_aWest, Louis C. _q(Louis Caulton), _d1882- _ejoint author. |
|
| 902 | _a1 | ||
| 905 |
_aGhada _eCat |
||
| 905 |
_aJihan _eRev. |
||
| 942 |
_2ddc _cBK |
||
| 999 |
_c153792 _d153792 |
||